Los puentes cortados

Gespeichert in:
Bibliographische Detailangaben
1. Verfasser: Rodríguez Macal, Virgilio (autor)
Format: Buch
Sprache:Englisch
Veröffentlicht: Santiago, Chile: Alquimia Ediciones, 2014
Schriftenreihe:Ensayos con la Ceniza
Schlagworte:
Tags: Tag hinzufügen
Keine Tags, Fügen Sie den ersten Tag hinzu!

MARC

LEADER 00000nam a22000007a 4500
003 CL-VaPUC
005 20220725092046.0
008 220503b2014 ||||| |||| 00| 0 eng d
999 |c 435511  |d 435509 
020 |a 978-956-9131-26-4 
040 |c Pontificia Universidad Católica de Valparaíso 
082 0 4 |a Ch861 ROD 2014  
100 1 |a Rodríguez Macal, Virgilio  |9 349967  |e autor 
245 1 4 |a Los puentes cortados 
260 |a Santiago, Chile:  |b Alquimia Ediciones,  |c 2014 
300 |a 77 páginas 
490 0 |a Ensayos con la Ceniza 
500 |a c.1-2. Donación Profesora Consuelo Rodríguez De Tezanos. Memo ART 02/2022. 05/04/2022 
583 |c 20220503  |k Catalogador Asistente 
650 1 |a Poesías chilenas  |9 265280 
650 1 |a Literatura chilena  |9 870502 
942 |2 ddc  |c BK 
952 |0 0  |1 0  |2 ddc  |4 0  |6 CH_861_000000000000000_ROD_2014  |7 0  |8 A  |9 582873  |a BIBART  |b BIBART  |d 2022-05-03  |e Donación  |i 5650967  |o Ch861 ROD 2014  |p 5650967  |r 2025-03-13  |t 1  |w 2022-05-03  |y BK  |k ART 
952 |0 0  |1 0  |2 ddc  |4 0  |6 CH_861_000000000000000_ROD_2014  |7 0  |8 A  |9 582874  |a BIBART  |b BIBART  |d 2022-05-03  |e Donación  |i 5650968  |o Ch861 ROD 2014  |p 5650968  |r 2025-03-13  |t 2  |w 2022-05-03  |y BK  |k ART